Statistics for Top 10 Hull PL scorers

Click here to take the quiz!

General Stats

  • This quiz has been taken 25 times
  • The average score is 4 of 10

Answer Stats

HintAnswer% Correct
8Hernandez
84%
12Jelavic
63%
7Snodgrass
47%
5Bullard
42%
5Livermore
37%
5Fagan
32%
11Giovanni
21%
5King
21%
5Ndoye
21%
6Hunt
16%

Score Distribution

Percentile by Number Answered

Percent of People with Each Score

Your Score History

You have not taken this quiz